| 000 | 02653nam0a2200445 4500 | ||
|---|---|---|---|
| 001 | RU\NLR\BIBL_A\010016963 | ||
| 005 | 20260406012812.0 | ||
| 021 | _aRU0321301959 | ||
| 035 | _a(NLR Aleph) 010016963 | ||
| 090 |
_a9881693 _c9881693 |
||
| 100 | _a20130806d2013 |||y0rusy50 ca | ||
| 101 | 0 | _arus | |
| 102 | _aRU | ||
| 106 | _as | ||
| 135 | _aaougu|||||||| | ||
| 200 | 1 |
_aПоиски, разведка и геолого-экономическая оценка месторождений полезных ископаемых _bЭлектронный ресурс _eучебное пособие для студентов, обучающихся по программам высшего профессионального образования по специальности 130101.65 Прикладная геология _fВ.П. Лощинин, Г.А. Пономарева _gМ-во образования и науки Рос. Федерации, Федер. агентство по образованию, Гос. образоват. учреждение высш. проф. образования "Оренбург. гос. ун-т" |
|
| 210 |
_aОренбург _cОГУ _d2013 |
||
| 215 |
_a1 электрон. опт. диск (CD-RОМ) _d12 |
||
| 230 | _aТекстовое (символьное) электронное издание (2,12 Мб) | ||
| 300 | _aЗагл. с титул. экрана | ||
| 337 | _aСистем. требования: PC - совместимый, Pentium II, 450 МГц ; 128 Мб ; 2,12 Мб ; MS Windows 9.x/NT5.x (95, 98, ME, 2000, XP) ; Adobe Acrobat Reader версии 4.0 и выше | ||
| 606 | 0 |
_aПолезные ископаемые _jУчебные издания для высшей школы _xМесторождения _9901788 _3RU\NLR\auth\667911 |
|
| 610 | 0 | _aгеология | |
| 610 | 0 | _aполезные ископаемые | |
| 610 | 0 | _aпоиск месторождений полезных ископаемых | |
| 610 | 0 | _aместорождения полезных ископаемых | |
| 675 |
_a550.8(075.8) _v3 |
||
| 675 |
_a553(075.8) _v3 |
||
| 686 |
_a38.57 _2grnti |
||
| 686 |
_a38.01.33 _2grnti |
||
| 686 | 0 | _aД45я73-1 | |
| 700 | 1 |
_aЛощинин _bВ.П. |
|
| 701 | 1 |
_8rus _7ca _aПономарева _bГ. А. _cгеолог _gГалина Алексеевна _3RU\NLR\AUTH\77118284 _9101209 |
|
| 801 | 0 |
_aRU _bНТЦ Информрегистр _c20130806 |
|
| 801 | 1 |
_aRU _bНТЦ Информрегистр _c20130806 |
|
| 942 | _cBOOK | ||
| 980 | _aNB | ||